Library of the University of Algiers 3
Ibrahim Sultan Cheibout
شعار جامعة الجزائر 3
مكتبة جامعة الجزائر 3
إبراهيم سلطان شيبوط

نظرية اختبار الفرضيات / (رقم التسجيلة. 42269)

تفاصيل مارك
000 -LEADER
fixed length control field 01405nam a2200217Ia 4500
003 - CONTROL NUMBER IDENTIFIER
control field Ost
005 - DATE AND TIME OF LATEST TRANSACTION
control field 20260507075020.0
008 - FIXED-LENGTH DATA ELEMENTS--GENERAL INFORMATION
fixed length control field 260507s9999||||xx |||||||||||||| ||und||
020 ## - INTERNATIONAL STANDARD BOOK NUMBER
International Standard Book Number 4615919977
040 ## - CATALOGING SOURCE
Transcribing agency fsecg
041 ## - LANGUAGE CODE
Language code of text/sound track or separate title ara
082 ## - DEWEY DECIMAL CLASSIFICATION NUMBER
Classification number 508.3
100 ## - MAIN ENTRY--PERSONAL NAME
Personal name مصطفى، عبد الحفيظ محمد فوزى
Relator term مؤلف
245 #0 - TITLE STATEMENT
Title نظرية اختبار الفرضيات /
Statement of responsibility, etc. عبد الحفيظ محمد فوزى مصطفى
260 ## - PUBLICATION, DISTRIBUTION, ETC.
Place of publication, distribution, etc. الاسكندرية:
Name of publisher, distributor, etc. مجموعة النيل العربية,
Date of publication, distribution, etc. 2002
300 ## - PHYSICAL DESCRIPTION
Extent 454 صفحة؛
Other physical details إيضاحات ؛
Dimensions 24 سم
520 ## - SUMMARY, ETC.
Summary, etc. بعض المفاهيم والمصطلحات الأساسية في إختبار الفرضيات- الإختيار بين فرضيتين بسيطتين-إختبارات وحيدة الجانب-إختبار ذات الجانبين- اختبار نسبة المعقولية العامة-الإختيار بين فرضيتين بسيطتين باستخدام التحليل التتابعي-إختبار الفرضيات حول كميات-إختبارات التماثل في منظومة مبوبة-إختبارات الإستقلال ولإختبارات العشوائية- الفرضيات الإحصائية اللامعلمية-إختبارات التجانس- مبادئ نظرية القرار
653 ## - INDEX TERM--UNCONTROLLED
Uncontrolled term الطرق الاحصائية
653 ## - INDEX TERM--UNCONTROLLED
Uncontrolled term المسح العلمي
942 ## - ADDED ENTRY ELEMENTS (KOHA)
Koha item type كتب
المقتنيات
Withdrawn status Lost status Source of classification or shelving scheme Damaged status Not for loan Home library Current library Date acquired Serial enumeration / chronology Inventory number Total checkouts Full call number Barcode Date last seen Price effective from Koha item type
    Dewey Decimal Classification   NOT LOAN / إعارة داخلية مكتبة كلية العلوم الإقتصادية والعلوم التجارية وعلوم التسيير مكتبة كلية العلوم الإقتصادية والعلوم التجارية وعلوم التسيير 07/05/2026 الطابق الأرضي 110/1   أ/110ن1 110/1 07/05/2026 07/05/2026 كتب
    Dewey Decimal Classification   Available مكتبة كلية العلوم الإقتصادية والعلوم التجارية وعلوم التسيير مكتبة كلية العلوم الإقتصادية والعلوم التجارية وعلوم التسيير 07/05/2026 الطابق الأرضي 110/2   أ/110ن2 110/2 07/05/2026 07/05/2026 كتب
    Dewey Decimal Classification   Available مكتبة كلية العلوم الإقتصادية والعلوم التجارية وعلوم التسيير مكتبة كلية العلوم الإقتصادية والعلوم التجارية وعلوم التسيير 07/05/2026 الطابق الأرضي 110/3   أ/110ن3 110/3 07/05/2026 07/05/2026 كتب
    Dewey Decimal Classification   Available مكتبة كلية العلوم الإقتصادية والعلوم التجارية وعلوم التسيير مكتبة كلية العلوم الإقتصادية والعلوم التجارية وعلوم التسيير 07/05/2026 الطابق الثاني 110/4   أ/110ن4 110/4 07/05/2026 07/05/2026 كتب

موارد الويب المفتوحة


© University of Algiers 3 All Rights Reserved
|
Implemented by LECHELAH Riad